Central Library OPAC University of Rajshahi

The Oxford companion to American literature / (Record no. 19380)

MARC details
000 -LEADER
fixed length control field 00802nam a2200253 a 4500
001 - CONTROL NUMBER
control field 19380
003 - CONTROL NUMBER IDENTIFIER
rucl marc code BD-RjUL
005 - DATE AND TIME OF LATEST TRANSACTION
control field 20211209000426.0
008 - FIXED-LENGTH DATA ELEMENTS--GENERAL INFORMATION
fixed length control field 140224r19461941enk 001 0 eng d
035 ## - SYSTEM CONTROL NUMBER
System control number (BD-RjUL)19440
040 ## - CATALOGING SOURCE
Original cataloging agency OCLC
Language of cataloging eng
Transcribing agency OCLC
Modifying agency ANL
-- BD-RjUL
041 ## - LANGUAGE CODE
Language code of text/sound track or separate title eng
082 04 - DEWEY DECIMAL CLASSIFICATION NUMBER
Classification number 810.3
Author mark and year HAO 1946
100 1# - MAIN ENTRY--PERSONAL NAME
Personal name Hart, James D.
Fuller form of name (James David),
Dates associated with a name 1911-1990.
9 (RLIN) 59595
245 14 - TITLE STATEMENT
Title The Oxford companion to American literature /
Statement of responsibility, etc. by James D. Hart.
250 ## - EDITION STATEMENT
Edition statement 1st ed.
260 ## - PUBLICATION, DISTRIBUTION, ETC. (IMPRINT)
Place of publication, distribution, etc. London ;
-- New York :
Name of publisher, distributor, etc. Oxford university press,
Date of publication, distribution, etc. [c1941 [reprinted 1946]
300 ## - PHYSICAL DESCRIPTION
Pagination viii, 888 p.
Size 24 cm.
504 ## - BIBLIOGRAPHY, ETC. NOTE
Bibliography, etc Includes index.
650 #0 - SUBJECT ADDED ENTRY--TOPICAL TERM
Topical term or geographic name as entry element American literature
General subdivision Dictionaries.
9 (RLIN) 59596
Topical term or geographic name as entry element American literature
General subdivision Bio-bibliography.
9 (RLIN) 54235
942 ## - ADDED ENTRY ELEMENTS (KOHA)
Source of classification or shelving scheme Dewey Decimal Classification
Koha item type Books
Holdings
Lost status Source of classification or shelving scheme Damaged status Not for loan Collection code Permanent Location Current Location Shelving location Date acquired Source of acquisition Total Checkouts Full call number Date last seen Copy number Koha item type
  Dewey Decimal Classification   Not For Loan Non-fiction Central Library, University of Rajshahi Central Library, University of Rajshahi Reading Room 18/02/1958 USIS, Dacca.   810.3 HAO 1946 24/02/2014 C-1 Books